Natural durability and preservation of one hundred tropical African woods / (Record no. 158123)
[ view plain ]
| 000 -LEADER | |
|---|---|
| fixed length control field | 01225cam7a220033701 4500 |
| 001 - CONTROL NUMBER | |
| control field | lce01247139 |
| 008 - FIXED-LENGTH DATA ELEMENTS--GENERAL INFORMATION | |
| fixed length control field | 791122s1976 onc b f000 0 eng d |
| 010 ## - LIBRARY OF CONGRESS CONTROL NUMBER | |
| LC control number | cn 80070067 |
| 015 ## - NATIONAL BIBLIOGRAPHY NUMBER | |
| National bibliography number | C80-70067-8 |
| 020 ## - INTERNATIONAL STANDARD BOOK NUMBER | |
| -- | pa. |
| 035 ## - SYSTEM CONTROL NUMBER | |
| System control number | (Sirsi) r59225 |
| 035 ## - SYSTEM CONTROL NUMBER | |
| System control number | (DLC)cn 80070067 |
| 035 ## - SYSTEM CONTROL NUMBER | |
| System control number | (UPRA)lce01247139 |
| 040 ## - CATALOGING SOURCE | |
| Original cataloging agency | CaOONL |
| Language of cataloging | eng |
| Transcribing agency | CaOONL |
| 041 1# - LANGUAGE CODE | |
| Language code of text/sound track or separate title | eng fre |
| Language code of original | eng fre |
| 043 ## - GEOGRAPHIC AREA CODE | |
| Geographic area code | f------ |
| 082 ## - DEWEY DECIMAL CLASSIFICATION NUMBER | |
| Classification number | 674/.13 |
| 100 1# - MAIN ENTRY--PERSONAL NAME | |
| Personal name | Fortin, Yves, 1947- |
| Dates associated with a name | Fortin, Yves, 1947- |
| Linkage | A18537.1 |
| 245 10 - TITLE STATEMENT | |
| Title | Natural durability and preservation of one hundred tropical African woods / |
| Statement of responsibility, etc. | Yves Fortin and Jean Poliquin. |
| 260 ## - PUBLICATION, DISTRIBUTION, ETC. | |
| Place of publication, distribution, etc. | Ottawa : |
| Name of publisher, distributor, etc. | International Development Research Centre, |
| Date of publication, distribution, etc. | 1976. |
| 500 ## - GENERAL NOTE | |
| General note | Updated translation of Durabilite naturelle et preservation de cent bois tropicaux africains. |
| 500 ## - GENERAL NOTE | |
| General note | "IDRC-017e". |
| 500 ## - GENERAL NOTE | |
| General note | Chiefly tables. |
| 500 ## - GENERAL NOTE | |
| General note | Includes abstract in French. |
| 504 ## - BIBLIOGRAPHY, ETC. NOTE | |
| Bibliography, etc. note | Bibliography: 124-131. |
| 700 1# - ADDED ENTRY--PERSONAL NAME | |
| Personal name | Poliquin, Jean. |
| Linkage | A18538.1 |
| 710 2# - ADDED ENTRY--CORPORATE NAME | |
| Corporate name or jurisdiction name as entry element | International Development Research Centre (Canada) |
| Linkage | A1122.1 |
| 949 ## - LOCAL PROCESSING INFORMATION (OCLC) | |
| a | QK391 |
| w | lcc |
| i | 33729000342886 |
| m | MAIN |
| p | 2500 |
| t | BOOK |
| l | ON-SHELF |
| 949 ## - LOCAL PROCESSING INFORMATION (OCLC) | |
| a | QK391 |
| w | lcc |
| i | 33729000320585 |
| m | MAIN |
| p | 2500 |
| t | BOOK |
| l | ON-SHELF |
No items available.